| 000 | 00922nam0a2200277 4500 | ||
|---|---|---|---|
| 001 | RU\NLR\bibl\1175900 | ||
| 005 | 20260405061709.0 | ||
| 010 |
_a978-5-9717-0448-5 _93500 |
||
| 021 |
_aRU _b2007-82169 _94431 |
||
| 035 | _a(NLR Aleph) 001162552 | ||
| 090 |
_a1546758 _c1546758 |
||
| 100 | _a20080115d2007 |||y0rusy50 ca | ||
| 101 | 0 | _arus | |
| 102 | _aRU | ||
| 105 | _aa ||||||||| | ||
| 200 | 1 |
_aКладоискатель и золото шаманов _fЮрий Гаврюченков |
|
| 210 |
_aСанкт-Петербург _cКрылов _d2007 |
||
| 215 |
_a410, [2] с. _cил. _d21 |
||
| 225 | 1 | _aОстров сокровищ | |
| 225 | 1 | _aМужской клуб | |
| 700 | 1 |
_4070 _8rus _7ca _aГаврюченков _bЮ.Ф. _f1971- _gЮрий Федорович _3RU\NLR\auth\7720669 _93736 |
|
| 801 | 0 |
_aRU _bNLR _c20080115 _gRCR |
|
| 801 | 1 |
_aRU _bNLR _c20080115 |
|
| 942 | _cBOOK | ||
| 980 | _aNB | ||